টাইম ম্যানেজমেন্ট / (Record no. 2835)
[ view plain ]
| 000 -LEADER | |
|---|---|
| fixed length control field | 00645nam a22002057a 4500 |
| 001 - CONTROL NUMBER | |
| control field | 2835 |
| 003 - CONTROL NUMBER IDENTIFIER | |
| control field | BD-DhBUF |
| 005 - DATE AND TIME OF LATEST TRANSACTION | |
| control field | 20251125130651.0 |
| 008 - FIXED-LENGTH DATA ELEMENTS--GENERAL INFORMATION | |
| fixed length control field | 251125b bg ||||| |||| 00| 0 ben d |
| 020 ## - INTERNATIONAL STANDARD BOOK NUMBER | |
| International Standard Book Number | 9789848078433 |
| 040 ## - CATALOGING SOURCE | |
| Original cataloging agency | BD-DhBUF |
| Transcribing agency | BD-DhBUF |
| 100 ## - MAIN ENTRY--PERSONAL NAME | |
| Personal name | ট্রেসি,ব্রায়ান |
| 9 (RLIN) | 4214 |
| 245 ## - TITLE STATEMENT | |
| Title | টাইম ম্যানেজমেন্ট / |
| Statement of responsibility, etc. | ট্রেসি,ব্রায়ান |
| 246 ## - VARYING FORM OF TITLE | |
| Title proper/short title | Time management / |
| 260 ## - PUBLICATION, DISTRIBUTION, ETC. | |
| Place of publication, distribution, etc. | ঢাকা : |
| Name of publisher, distributor, etc. | প্রিয়মুখ, |
| Date of publication, distribution, etc. | ২০২১. |
| 300 ## - PHYSICAL DESCRIPTION | |
| Extent | 111p. : |
| Dimensions | 22cm. ; |
| 526 ## - STUDY PROGRAM INFORMATION NOTE | |
| Program name | TEM |
| 650 ## - SUBJECT ADDED ENTRY--TOPICAL TERM | |
| Topical term or geographic name entry element | Bengali literature |
| 9 (RLIN) | 171 |
| 942 ## - ADDED ENTRY ELEMENTS (KOHA) | |
| Source of classification or shelving scheme | Dewey Decimal Classification |
| Koha item type | Books |
| Withdrawn status | Lost status | Source of classification or shelving scheme | Damaged status | Not for loan | Home library | Current library | Date acquired | Total Checkouts | Full call number | Barcode | Date last seen | Copy number | Price effective from | Koha item type |
|---|---|---|---|---|---|---|---|---|---|---|---|---|---|---|
| Dewey Decimal Classification | BUFT Library | BUFT Library | 11/25/2025 | 640.43 T7591t 2021 | 2025-0402 | 11/25/2025 | C-1 | 11/25/2025 | Books | |||||
| Dewey Decimal Classification | BUFT Library | BUFT Library | 12/09/2025 | 640.43 T7591t 2021 | 2025-0498 | 12/09/2025 | C-2 | 11/25/2025 | Books | |||||
| Dewey Decimal Classification | BUFT Library | BUFT Library | 12/13/2025 | 640.43 T7591t 2021 | 2025-0509 | 12/14/2025 | C-3 | 11/25/2025 | Books |
